000 00351 a2200157 4500
001 149774
040 _cEscola São Tomás de Aquino
100 _aLADEIRA, Julieta de Godoy
240 1 0 _aÍndio vivo
_lpor
245 1 0 _aÍndio vivo
300 _a71
362 0 _a1994
440 1 _aModerna
697 _a*LITERATURA INFANTO JUVENIL
942 _cBK
999 _c149774
_d149774